語言
English
Deutsch
Español
Français
Italiano
日本語
Nederlands
Português
Português (Brasil)
中文(简体)
中文(繁體)
Türkçe
עברית
Gaeilge
Cymraeg
Ελληνικά
Català
Euskara
Русский
Čeština
Suomi
Svenska
polski
Dansk
slovenščina
اللغة العربية
বাংলা
Galego
Tiếng Việt
Hrvatski
हिंदी
Հայերէն
Українська
全文檢索
題名
作者
主題
ISBN/ISSN
標簽
Identifier
檢索
高級檢索
№ 1; Инженер
引用
發送短信
推薦此
打印
導出紀錄
導出到 RefWorks
導出到 EndNoteWeb
導出到 EndNote
Permanent link
Esportazione completata correttamente —
№ 1; Инженер
書目詳細資料
Parent link:
Инженер: образование, наука, техника, производство, бизнес/ Российский Союз научных и инженерных общественных организаций. № 1.— , 1990-.— 8680-443X
語言:
俄语
出版:
2006
格式:
MixedMaterials
圖書
KOHA link:
https://koha.lib.tpu.ru/cgi-bin/koha/opac-detail.pl?biblionumber=399713
持有資料
實物特徵
相似書籍
職員瀏覽
MARC
LEADER
00000nam2a2200000 4500
001
399713
005
20231101065255.0
035
|a
(RuTPU)RU\TPU\prd\41287
090
|a
399713
100
|a
20060206a18949999km y0rusy50 ca
101
0
|a
rus
102
|a
RU
200
0
|a
№ 1
210
|d
2006
461
1
|0
(RuTPU)RU\TPU\prd\1511
|x
8680-443X
|t
Инженер
|o
образование, наука, техника, производство, бизнес
|f
Российский Союз научных и инженерных общественных организаций
|v
№ 1
|d
1990-
801
0
|a
RU
|b
63413507
|c
20010227
|g
PSBO
801
1
|a
RU
|b
63413507
|c
20060206
|g
PSBO
801
2
|a
RU
|b
63413507
|c
20111220
|g
PSBO
942
|c
BK
999
|a
НТБ_ТПУ
|b
НФ
|e
-8/20110111
|p
П-7817
|s
11/20051014
|u
0,00
|v
1
相似書籍
№ 1; Инженер
出版: (2010)
№ 1; Инженер
出版: (2011)
№ 1; Инженер
出版: (2014)
№ 1; Инженер
出版: (1992)
№ 1; Инженер
出版: (1994)